ბათუმის შოთა რუსთაველის სახელმწიფო უნივერსიტეტის ბიბლიოთეკა

ჩანაწერი Corporate Name

ჩანაწერთა რაოდენობა, რომელიც გამოყენებულია: 1

001 - CONTROL NUMBER

  • control field: 5428

003 - CONTROL NUMBER IDENTIFIER

  • control field: GE_BSU

005 - DATE AND TIME OF LATEST TRANSACTION

  • control field: 20191119115843.0

008 - FIXED-LENGTH DATA ELEMENTS

  • fixed length control field: 191119|| aca||aabn | a|a d

040 ## - CATALOGING SOURCE

  • Original cataloging agency: GE_BSU
  • Transcribing agency: GE_BSU

110 ## - HEADING--CORPORATE NAME

  • Corporate name or jurisdiction name as entry element:
  • Relator term: წიგნი ითარგმნა აჭარის ა.რ. განათლების, კულტურისა და სპორტის სამინისტროს უმაღლესი განათლების ხელშეწყობის პროგრამის ფარგლებში.

670 ## - SOURCE DATA FOUND

  • Source citation: Work cat.: (GE_BSU): ერიქსენი,თომას ჰილანდ 5423, მცირე ადგილები,ვრცელი საკითხები :